[Event "Biel Chess Festival Master Tournament"]
[Site "Biel/Bienne, Switzerland"]
[Date "2019.07.24"]
[Round "3.8"]
[White "Tabatabaei, M.amin"]
[Black "Mastrovasilis, Athanasios"]
[Result "0-1"]
[WhiteElo "2336"]
[BlackElo "2534"]

1. Nf3 {[%clk 01:29:13]} {[%emt 00:01:47]} d5 {[%clk 01:29:35]} {[%emt
00:01:25]} 2. g3 {[%clk 01:29:32]} {[%emt 00:00:11]} c6 {[%clk 01:29:02]}
{[%emt 00:01:04]} 3. c4 {[%clk 01:29:14]} {[%emt 00:00:47]} Nf6 {[%clk
01:29:03]} {[%emt 00:00:30]} 4. Bg2 {[%clk 01:29:33]} {[%emt 00:00:10]} Bf5
{[%clk 01:27:01]} {[%emt 00:02:33]} 5. Qb3 {[%clk 01:29:52]} {[%emt 00:00:11]}
Qb6 {[%clk 01:25:22]} {[%emt 00:02:08]} 6. d3 {[%clk 01:30:10]} {[%emt
00:00:13]} e6 {[%clk 01:24:07]} {[%emt 00:01:45]} 7. Be3 {[%clk 01:30:25]}
{[%emt 00:00:14]} dxc4 {[%clk 01:11:59]} {[%emt 00:12:38]} 8. Qxc4 {[%clk
01:21:08]} {[%emt 00:09:48]} Qxb2 {[%clk 01:04:48]} {[%emt 00:07:41]} 9. O-O
{[%clk 01:21:13]} {[%emt 00:00:25]} Nd5 {[%clk 00:46:32]} {[%emt 00:18:45]} 10.
Bd4 {[%clk 00:44:27]} {[%emt 00:37:16]} Qxe2 {[%clk 00:35:02]} {[%emt
00:12:00]} 11. Qb3 {[%clk 00:40:30]} {[%emt 00:04:27]} Nb4 {[%clk 00:31:58]}
{[%emt 00:03:34]} 12. Na3 {[%clk 00:34:35]} {[%emt 00:06:25]} Qxd3 {[%clk
00:27:04]} {[%emt 00:05:24]} 13. Qb2 {[%clk 00:33:44]} {[%emt 00:01:20]} Qa6
{[%clk 00:26:39]} {[%emt 00:00:55]} 14. Bxg7 {[%clk 00:29:24]} {[%emt
00:04:50]} Nd3 {[%clk 00:26:13]} {[%emt 00:00:56]} 15. Qc3 {[%clk 00:25:12]}
{[%emt 00:04:43]} Bxa3 {[%clk 00:25:19]} {[%emt 00:01:25]} 16. Bxh8 {[%clk
00:25:35]} {[%emt 00:00:06]} Bb2 {[%clk 00:25:14]} {[%emt 00:00:35]} 17. Qd2
{[%clk 00:25:45]} {[%emt 00:00:20]} Bxh8 {[%clk 00:25:34]} {[%emt 00:00:10]} 18.
Rad1 {[%clk 00:26:14]} {[%emt 00:00:01]} Bf6 {[%clk 00:18:37]} {[%emt
00:07:27]} 19. g4 {[%clk 00:26:21]} {[%emt 00:00:23]} Bg6 {[%clk 00:18:17]}
{[%emt 00:00:49]} 20. Ne1 {[%clk 00:19:51]} {[%emt 00:07:01]} Nb2 {[%clk
00:17:06]} {[%emt 00:01:42]} 21. Rc1 {[%clk 00:19:28]} {[%emt 00:00:53]} Nd7
{[%clk 00:16:40]} {[%emt 00:00:55]} 22. h4 {[%clk 00:16:52]} {[%emt 00:03:06]}
O-O-O {[%clk 00:15:52]} {[%emt 00:01:18]} 23. h5 {[%clk 00:15:10]} {[%emt
00:02:12]} Bd3 {[%clk 00:14:14]} {[%emt 00:02:08]} 24. g5 {[%clk 00:15:16]}
{[%emt 00:00:25]} Bh8 {[%clk 00:09:00]} {[%emt 00:05:43]} 25. Nxd3 {[%clk
00:14:31]} {[%emt 00:01:15]} Nxd3 {[%clk 00:09:22]} {[%emt 00:00:08]} 26. Rcd1
{[%clk 00:14:43]} {[%emt 00:00:18]} N7c5 {[%clk 00:09:29]} {[%emt 00:00:23]} 27.
Qe3 {[%clk 00:12:41]} {[%emt 00:02:32]} Qc4 {[%clk 00:09:10]} {[%emt 00:00:48]}
28. Rb1 {[%clk 00:08:17]} {[%emt 00:04:56]} Qg4 {[%clk 00:08:59]} {[%emt
00:00:40]} 29. Qg3 {[%clk 00:08:39]} {[%emt 00:00:08]} Qxh5 {[%clk 00:06:54]}
{[%emt 00:02:35]} 30. Bxc6 {[%clk 00:09:00]} {[%emt 00:00:09]} Be5 {[%clk
00:05:40]} {[%emt 00:01:43]} 31. Bf3 {[%clk 00:07:28]} {[%emt 00:02:02]} Bxg3
{[%clk 00:04:10]} {[%emt 00:02:00]} 32. Bxh5 {[%clk 00:07:57]} {[%emt
00:00:02]} Bxf2+ {[%clk 00:04:27]} {[%emt 00:00:12]} 33. Rxf2 {[%clk 00:08:13]}
{[%emt 00:00:14]} Nxf2 {[%clk 00:04:51]} {[%emt 00:00:06]} 34. Kxf2 {[%clk
00:08:38]} {[%emt 00:00:04]} Ne4+ {[%clk 00:05:09]} {[%emt 00:00:13]} 35. Ke3
{[%clk 00:09:03]} {[%emt 00:00:05]} Nxg5 {[%clk 00:05:33]} {[%emt 00:00:06]} 36.
Rf1 {[%clk 00:08:56]} {[%emt 00:00:36]} f5 {[%clk 00:04:47]} {[%emt 00:01:17]}
37. Kf4 {[%clk 00:09:15]} {[%emt 00:00:11]} h6 {[%clk 00:04:59]} {[%emt
00:00:18]} 38. Ke5 {[%clk 00:09:32]} {[%emt 00:00:13]} Rd2 {[%clk 00:04:49]}
{[%emt 00:00:39]} 39. a4 {[%clk 00:09:26]} {[%emt 00:00:38]} Kd7 {[%clk
00:04:58]} {[%emt 00:00:20]} 40. Rc1 {[%clk 00:09:02]} {[%emt 00:00:54]} Ke7
{[%clk 00:03:25]} {[%emt 00:02:03]} 41. Rc8 {[%clk 00:08:59]} {[%emt 00:00:33]}
Rd5+ {[%clk 00:03:34]} {[%emt 00:00:21]} 42. Kf4 {[%clk 00:09:28]} Rd4+ {[%clk
00:03:51]} {[%emt 00:00:15]} 43. Ke3 {[%clk 00:09:55]} {[%emt 00:00:03]} Rxa4
{[%clk 00:04:03]} {[%emt 00:00:18]} 44. Rc7+ {[%clk 00:10:22]} {[%emt
00:00:02]} Kf6 {[%clk 00:03:56]} {[%emt 00:00:36]} 45. Rxb7 {[%clk 00:10:49]}
{[%emt 00:00:03]} a5 {[%clk 00:03:58]} {[%emt 00:00:28]} 46. Kd4 {[%emt
00:00:14]} Ke5+ 0-1

[Event "Biel Chess Festival Master Tournament"]
[Site "Biel/Bienne, Switzerland"]
[Date "2019.07.24"]
[Round "3.12"]
[White "Iturrizaga Bonelli, Eduardo"]
[Black "Sadhwani, Raunak"]
[Result "1/2-1/2"]
[WhiteElo "2619"]
[BlackElo "2477"]

1. c4 {[%clk 01:28:45]} {[%emt 00:02:15]} e5 {[%clk 01:30:53]} {[%emt
00:00:07]} 2. Nc3 {[%clk 01:28:33]} {[%emt 00:00:42]} Nf6 {[%clk 01:31:11]}
{[%emt 00:00:12]} 3. Nf3 {[%clk 01:28:27]} {[%emt 00:00:36]} Nc6 {[%clk
01:31:36]} {[%emt 00:00:06]} 4. g3 {[%clk 01:28:15]} {[%emt 00:00:41]} d5
{[%clk 01:31:55]} {[%emt 00:00:11]} 5. cxd5 {[%clk 01:28:40]} {[%emt 00:00:06]}
Nxd5 {[%clk 01:32:19]} {[%emt 00:00:05]} 6. Bg2 {[%clk 01:29:04]} {[%emt
00:00:05]} Bc5 {[%clk 01:32:39]} {[%emt 00:00:11]} 7. O-O {[%clk 01:29:05]}
{[%emt 00:00:29]} O-O {[%clk 01:31:23]} {[%emt 00:01:46]} 8. Nxd5 {[%clk
01:24:42]} {[%emt 00:04:53]} Qxd5 {[%clk 01:31:43]} {[%emt 00:00:10]} 9. d3
{[%clk 01:25:09]} {[%emt 00:00:03]} Bb6 {[%clk 01:30:24]} {[%emt 00:01:49]} 10.
Bd2 {[%clk 01:25:30]} {[%emt 00:00:08]} Bg4 {[%clk 01:25:31]} {[%emt 00:05:23]}
11. Bc3 {[%clk 01:20:11]} {[%emt 00:05:49]} Qe6 {[%clk 01:20:15]} {[%emt
00:05:46]} 12. b4 {[%clk 01:08:38]} {[%emt 00:12:03]} Nd4 {[%clk 01:10:53]}
{[%emt 00:09:52]} 13. Bxd4 {[%clk 00:54:10]} {[%emt 00:14:59]} Bxd4 {[%clk
01:02:48]} {[%emt 00:08:35]} 14. Nxd4 {[%clk 00:50:49]} {[%emt 00:03:51]} exd4
{[%clk 01:03:09]} {[%emt 00:00:08]} 15. Re1 {[%clk 00:51:15]} {[%emt 00:00:03]}
c6 {[%clk 01:02:20]} {[%emt 00:01:19]} 16. a4 {[%clk 00:51:36]} {[%emt
00:00:09]} Bh3 {[%clk 00:52:12]} {[%emt 00:10:38]} 17. Bf3 {[%clk 00:49:47]}
{[%emt 00:02:19]} Bg4 {[%clk 00:52:16]} {[%emt 00:00:27]} 18. Bxg4 {[%clk
00:49:38]} {[%emt 00:00:39]} Qxg4 {[%clk 00:52:40]} {[%emt 00:00:06]} 19. e4
{[%clk 00:50:05]} {[%emt 00:00:03]} Qxd1 {[%clk 00:44:35]} {[%emt 00:08:35]} 20.
Rexd1 {[%clk 00:50:31]} {[%emt 00:00:05]} f5 {[%clk 00:35:12]} {[%emt
00:09:53]} 21. Re1 {[%clk 00:33:19]} {[%emt 00:17:41]} f4 {[%clk 00:27:54]}
{[%emt 00:07:48]} 22. a5 {[%clk 00:23:30]} {[%emt 00:10:19]} a6 {[%clk
00:18:02]} {[%emt 00:10:23]} 23. Rac1 {[%clk 00:23:38]} {[%emt 00:00:21]} fxg3
{[%clk 00:17:09]} {[%emt 00:01:23]} 24. hxg3 {[%clk 00:24:00]} {[%emt
00:00:07]} Rf3 {[%clk 00:17:24]} {[%emt 00:00:16]} 25. Red1 {[%clk 00:24:25]}
{[%emt 00:00:05]} g5 {[%clk 00:17:38]} {[%emt 00:00:16]} 26. Rc5 {[%clk
00:23:35]} {[%emt 00:01:20]} h6 {[%clk 00:18:01]} {[%emt 00:00:06]} 27. Kg2
{[%clk 00:23:40]} {[%emt 00:00:25]} Raf8 {[%clk 00:16:18]} {[%emt 00:02:14]} 28.
Rd2 {[%clk 00:24:06]} {[%emt 00:00:04]} g4 {[%clk 00:13:18]} {[%emt 00:03:30]}
29. Rh5 {[%clk 00:24:18]} {[%emt 00:00:17]} R3f6 {[%clk 00:13:16]} {[%emt
00:00:33]} 30. Rh4 {[%clk 00:15:29]} {[%emt 00:09:18]} Rg6 {[%clk 00:13:44]}
{[%emt 00:00:03]} 31. Rc2 {[%clk 00:15:54]} {[%emt 00:00:05]} Kh7 {[%clk
00:10:09]} {[%emt 00:04:05]} 32. Rc4 {[%clk 00:15:44]} {[%emt 00:00:40]} Rd8
{[%clk 00:08:17]} {[%emt 00:02:22]} 33. Rc5 {[%clk 00:13:42]} {[%emt 00:02:32]}
Rf8 {[%clk 00:08:24]} {[%emt 00:00:23]} 34. Kf1 {[%clk 00:07:00]} {[%emt
00:07:11]} Rgf6 {[%clk 00:05:52]} {[%emt 00:03:03]} 35. Rh2 {[%clk 00:07:25]}
{[%emt 00:00:05]} Kg6 {[%clk 00:05:05]} {[%emt 00:01:17]} 36. Ke1 {[%clk
00:06:56]} {[%emt 00:00:58]} R8f7 {[%clk 00:04:02]} {[%emt 00:01:35]} 37. Rch5
{[%clk 00:04:59]} {[%emt 00:02:25]} Kg7 {[%clk 00:04:28]} {[%emt 00:00:05]} 38.
Re5 {[%clk 00:05:02]} {[%emt 00:00:26]} Kh7 {[%clk 00:01:42]} {[%emt 00:03:16]}
39. Re8 {[%clk 00:03:56]} {[%emt 00:01:37]} Rc7 {[%clk 00:01:01]} {[%emt
00:01:11]} 40. Re5 {[%clk 00:00:52]} {[%emt 00:03:33]} Rcf7 {[%clk 00:01:26]}
{[%emt 00:00:06]} 41. Ke2 {[%clk 00:28:50]} {[%emt 00:02:30]} Rc7 {[%clk
00:25:35]} {[%emt 00:06:23]} 42. Rg5 {[%clk 00:27:48]} {[%emt 00:01:31]} b6
{[%clk 00:17:12]} {[%emt 00:08:54]} 43. axb6 {[%clk 00:18:43]} {[%emt
00:09:35]} Rb7 {[%clk 00:17:41]} {[%emt 00:00:01]} 44. Rxg4 {[%clk 00:18:47]}
{[%emt 00:00:26]} Rxb6 {[%clk 00:17:56]} {[%emt 00:00:15]} 45. Rh1 {[%clk
00:10:42]} {[%emt 00:08:34]} c5 {[%clk 00:15:20]} {[%emt 00:03:07]} 46. e5
{[%clk 00:11:08]} {[%emt 00:00:03]} Rfe6 {[%clk 00:15:16]} {[%emt 00:00:35]} 47.
f4 {[%clk 00:08:03]} {[%emt 00:03:34]} cxb4 {[%clk 00:15:37]} {[%emt 00:00:10]}
48. Kf3 {[%clk 00:08:27]} {[%emt 00:00:06]} b3 {[%clk 00:15:21]} {[%emt
00:00:46]} 49. Ke4 {[%clk 00:08:49]} {[%emt 00:00:06]} b2 {[%clk 00:14:23]}
{[%emt 00:01:29]} 50. f5 {[%clk 00:09:15]} {[%emt 00:00:04]} Re8 {[%clk
00:10:05]} {[%emt 00:04:49]} 51. Rb1 {[%clk 00:09:32]} {[%emt 00:00:13]} a5
{[%clk 00:05:14]} {[%emt 00:05:21]} 52. Rg6 {[%clk 00:08:32]} {[%emt 00:01:29]}
Rxg6 {[%clk 00:04:17]} {[%emt 00:01:27]} 53. fxg6+ {[%clk 00:08:57]} {[%emt
00:00:05]} Kxg6 {[%clk 00:04:45]} {[%emt 00:00:03]} 54. Rxb2 {[%clk 00:09:23]}
{[%emt 00:00:04]} Ra8 {[%clk 00:05:12]} {[%emt 00:00:02]} 55. Kxd4 {[%clk
00:04:56]} {[%emt 00:04:57]} a4 {[%clk 00:02:23]} {[%emt 00:03:20]} 56. Ke4
{[%clk 00:05:21]} {[%emt 00:00:05]} a3 {[%clk 00:02:50]} {[%emt 00:00:03]} 57.
Ra2 {[%clk 00:05:49]} {[%emt 00:00:02]} Ra4+ {[%clk 00:02:22]} {[%emt
00:00:58]} 58. d4 {[%clk 00:06:15]} {[%emt 00:00:04]} h5 {[%clk 00:02:48]}
{[%emt 00:00:04]} 59. Kd5 {[%clk 00:05:51]} {[%emt 00:00:54]} Kf5 {[%clk
00:02:02]} {[%emt 00:01:16]} 60. Rf2 {[%clk 00:06:09]} {[%emt 00:00:11]} Kg5
{[%clk 00:02:22]} {[%emt 00:00:10]} 61. Ra2 {[%clk 00:05:11]} {[%emt 00:01:28]}
Kf5 {[%clk 00:02:48]} {[%emt 00:00:04]} 62. Rf2 {[%clk 00:04:49]} {[%emt
00:00:52]} Kxe5+ {[%emt 00:00:12]} 63. Ke4+ {[%emt 00:00:01]} 1/2-1/2

[Event "Biel Chess Festival Master Tournament"]
[Site "Biel/Bienne, Switzerland"]
[Date "2019.07.28"]
[Round "6.15"]
[White "Gukesh, D"]
[Black "Wong, Jianwen"]
[Result "1-0"]
[WhiteElo "2520"]
[BlackElo "2301"]

1. e4 {[%clk 01:30:48]} {[%emt 00:00:11]} c5 {[%clk 01:28:53]} {[%emt
00:02:08]} 2. Nf3 {[%emt 00:00:21]} Nc6 {[%clk 01:29:19]} 3. Bb5 {[%clk
01:31:21]} {[%emt 00:00:08]} g6 {[%emt 00:00:59]} 4. Bxc6 {[%clk 01:30:55]}
{[%emt 00:00:03]} dxc6 {[%clk 01:30:09]} {[%emt 00:00:04]} 5. d3 {[%emt
00:00:19]} Bg7 {[%emt 00:02:33]} 6. h3 {[%clk 01:29:16]} {[%emt 00:00:04]} Nf6
{[%clk 01:30:45]} {[%emt 00:00:08]} 7. Nc3 {[%clk 01:29:34]} {[%emt 00:00:12]}
Nd7 {[%clk 01:30:31]} {[%emt 00:00:44]} 8. Be3 {[%clk 01:29:56]} {[%emt
00:00:07]} e5 {[%clk 01:29:47]} {[%emt 00:01:14]} 9. Qc1 {[%clk 01:29:15]}
{[%emt 00:01:11]} h6 {[%clk 01:29:18]} {[%emt 00:01:00]} 10. O-O {[%clk
01:28:40]} {[%emt 00:01:05]} b6 {[%clk 01:23:48]} {[%emt 00:06:01]} 11. a3
{[%clk 01:28:22]} {[%emt 00:00:47]} Nf8 {[%clk 01:18:34]} {[%emt 00:05:43]} 12.
b4 {[%clk 01:26:18]} {[%emt 00:02:34]} Ne6 {[%clk 01:13:48]} {[%emt 00:05:15]}
13. bxc5 {[%clk 01:25:14]} {[%emt 00:01:35]} bxc5 {[%clk 00:56:54]} {[%emt
00:17:24]} 14. Na4 {[%clk 01:15:36]} {[%emt 00:10:07]} Qa5 {[%clk 00:46:56]}
{[%emt 00:10:28]} 15. Nb2 {[%clk 01:13:55]} {[%emt 00:02:10]} Qc7 {[%clk
00:46:40]} {[%emt 00:00:46]} 16. Nd2 {[%clk 01:07:33]} {[%emt 00:06:52]} f5
{[%clk 00:40:44]} {[%emt 00:06:26]} 17. f3 {[%clk 00:53:41]} {[%emt 00:14:22]}
f4 {[%clk 00:38:14]} {[%emt 00:03:00]} 18. Bf2 {[%clk 00:54:05]} {[%emt
00:00:05]} g5 {[%clk 00:38:41]} {[%emt 00:00:04]} 19. Na4 {[%clk 00:50:32]}
{[%emt 00:04:03]} Qa5 {[%clk 00:36:35]} {[%emt 00:02:35]} 20. Nxc5 {[%clk
00:49:52]} {[%emt 00:01:10]} h5 {[%clk 00:29:23]} {[%emt 00:07:42]} 21. Rb1
{[%clk 00:33:37]} {[%emt 00:16:45]} Bf8 {[%clk 00:23:36]} {[%emt 00:06:18]} 22.
Nc4 {[%clk 00:29:24]} {[%emt 00:04:42]} Qc7 {[%clk 00:18:24]} {[%emt 00:05:42]}
23. Rb7 {[%clk 00:25:19]} {[%emt 00:04:35]} Bxb7 {[%clk 00:16:00]} {[%emt
00:02:55]} 24. Nxe6 {[%clk 00:25:45]} {[%emt 00:00:03]} Qe7 {[%clk 00:15:05]}
{[%emt 00:01:25]} 25. Nxf8 {[%clk 00:25:29]} {[%emt 00:00:46]} Kxf8 {[%clk
00:14:37]} {[%emt 00:00:58]} 26. Qb2 {[%clk 00:25:22]} {[%emt 00:00:36]} Re8
{[%clk 00:12:45]} {[%emt 00:02:22]} 27. Nxe5 {[%clk 00:22:42]} {[%emt
00:03:10]} Qxe5 {[%clk 00:13:01]} {[%emt 00:00:13]} 28. Bd4 {[%clk 00:22:48]}
{[%emt 00:00:25]} Qb5 {[%clk 00:12:49]} {[%emt 00:00:43]} 29. Bxh8 {[%clk
00:22:39]} {[%emt 00:00:39]} Qxb2 {[%clk 00:12:55]} {[%emt 00:00:23]} 30. Bxb2
{[%clk 00:23:06]} {[%emt 00:00:03]} Kf7 {[%clk 00:10:58]} {[%emt 00:02:28]} 31.
Bd4 {[%clk 00:22:34]} {[%emt 00:01:02]} Ra8 {[%clk 00:10:48]} {[%emt 00:00:40]}
32. Rb1 {[%clk 00:22:52]} {[%emt 00:00:11]} Bc8 {[%clk 00:11:00]} {[%emt
00:00:18]} 33. Bc5 {[%clk 00:19:54]} {[%emt 00:03:29]} a5 {[%clk 00:09:24]}
{[%emt 00:02:05]} 34. Rb6 {[%clk 00:20:03]} {[%emt 00:00:21]} Bd7 {[%clk
00:09:48]} {[%emt 00:00:07]} 35. Rb7 {[%clk 00:20:03]} {[%emt 00:00:30]} Ke6
{[%clk 00:09:59]} {[%emt 00:00:19]} 36. d4 {[%clk 00:20:11]} {[%emt 00:00:22]}
Rg8 {[%clk 00:09:18]} {[%emt 00:01:11]} 37. c4 {[%clk 00:19:05]} {[%emt
00:01:36]} Bc8 {[%clk 00:08:09]} {[%emt 00:01:39]} 38. Rc7 {[%clk 00:19:20]}
{[%emt 00:00:15]} Kd5 {[%emt 00:00:42]} 1-0

[Event "Biel Chess Festival Master Tournament"]
[Site "Biel/Bienne, Switzerland"]
[Date "2019.07.29"]
[Round "7.8"]
[White "Santos Latasa, Jaime"]
[Black "Gukesh, D"]
[Result "1/2-1/2"]
[WhiteElo "2594"]
[BlackElo "2520"]

1. d4 {[%clk 01:29:18]} {[%emt 00:01:41]} d5 {[%clk 01:30:09]} {[%emt
00:00:51]} 2. c4 {[%clk 01:29:42]} {[%emt 00:00:06]} e6 {[%clk 01:30:14]}
{[%emt 00:00:25]} 3. Nc3 {[%clk 01:30:02]} {[%emt 00:00:10]} a6 {[%clk
01:29:44]} {[%emt 00:01:00]} 4. cxd5 {[%clk 01:30:01]} {[%emt 00:00:30]} exd5
{[%clk 01:30:13]} {[%emt 00:00:02]} 5. Nf3 {[%clk 01:28:41]} {[%emt 00:01:50]}
Nf6 {[%clk 01:25:40]} {[%emt 00:05:02]} 6. Bg5 {[%clk 01:28:39]} {[%emt
00:00:33]} Be6 {[%clk 01:26:03]} {[%emt 00:00:06]} 7. e3 {[%clk 01:28:58]}
{[%emt 00:00:12]} Nbd7 {[%clk 01:25:55]} {[%emt 00:00:37]} 8. Bd3 {[%clk
01:29:21]} {[%emt 00:00:07]} Bd6 {[%clk 01:25:59]} {[%emt 00:00:26]} 9. O-O
{[%clk 01:29:10]} {[%emt 00:00:41]} O-O {[%clk 01:26:22]} {[%emt 00:00:08]} 10.
Qc2 {[%clk 01:29:13]} {[%emt 00:00:26]} h6 {[%clk 01:26:19]} {[%emt 00:00:33]}
11. Bf4 {[%clk 01:29:35]} {[%emt 00:00:09]} Qe7 {[%clk 01:21:05]} {[%emt
00:05:44]} 12. h3 {[%clk 01:28:29]} {[%emt 00:01:36]} Rac8 {[%clk 01:16:24]}
{[%emt 00:05:11]} 13. Rac1 {[%clk 01:25:39]} {[%emt 00:03:19]} c5 {[%clk
01:12:38]} {[%emt 00:04:16]} 14. Bxd6 {[%clk 01:25:40]} {[%emt 00:00:30]} Qxd6
{[%clk 01:13:05]} {[%emt 00:00:03]} 15. dxc5 {[%clk 01:26:00]} {[%emt
00:00:10]} Nxc5 {[%clk 01:13:26]} {[%emt 00:00:09]} 16. Rfd1 {[%clk 01:25:26]}
{[%emt 00:01:02]} Rc7 {[%clk 00:55:24]} {[%emt 00:18:33]} 17. Na4 {[%clk
01:20:49]} {[%emt 00:05:08]} Rfc8 {[%clk 00:55:28]} {[%emt 00:00:26]} 18. Nxc5
{[%clk 01:20:54]} {[%emt 00:00:24]} Qxc5 {[%clk 00:54:24]} {[%emt 00:01:34]} 19.
Qxc5 {[%clk 01:21:06]} {[%emt 00:00:19]} Rxc5 {[%clk 00:54:52]} {[%emt
00:00:02]} 20. Rxc5 {[%clk 01:21:27]} {[%emt 00:00:08]} Rxc5 {[%clk 00:55:20]}
{[%emt 00:00:02]} 21. Nd4 {[%clk 01:21:50]} {[%emt 00:00:07]} Kf8 {[%clk
00:49:44]} {[%emt 00:06:06]} 22. f3 {[%clk 01:20:20]} {[%emt 00:02:01]} Ke7
{[%clk 00:49:32]} {[%emt 00:00:41]} 23. Kf2 {[%clk 01:20:41]} {[%emt 00:00:08]}
Rc7 {[%clk 00:47:36]} {[%emt 00:02:28]} 24. g4 {[%clk 01:20:18]} {[%emt
00:00:53]} Nd7 {[%clk 00:46:50]} {[%emt 00:01:16]} 25. Ke2 {[%clk 01:20:18]}
{[%emt 00:00:28]} Ne5 {[%clk 00:46:11]} {[%emt 00:01:11]} 26. h4 {[%clk
01:16:45]} {[%emt 00:04:03]} Nc6 {[%clk 00:45:13]} {[%emt 00:01:28]} 27. Nf5+
{[%clk 01:11:08]} {[%emt 00:06:06]} Bxf5 {[%clk 00:31:14]} {[%emt 00:14:30]} 28.
Bxf5 {[%clk 01:11:15]} {[%emt 00:00:23]} Kd6 {[%clk 00:29:03]} {[%emt
00:02:41]} 29. f4 {[%clk 01:09:34]} {[%emt 00:02:10]} d4 {[%clk 00:22:47]}
{[%emt 00:06:47]} 30. Be4 {[%clk 01:00:58]} {[%emt 00:09:05]} Re7 {[%clk
00:21:54]} {[%emt 00:01:23]} 31. Kf3 {[%clk 01:01:18]} {[%emt 00:00:09]} Kc5
{[%clk 00:21:21]} {[%emt 00:01:04]} 32. a3 {[%clk 00:55:12]} {[%emt 00:06:37]}
h5 {[%clk 00:10:11]} {[%emt 00:11:40]} 33. g5 {[%clk 00:53:56]} {[%emt
00:01:45]} f5 {[%clk 00:07:34]} {[%emt 00:03:08]} 34. gxf6 {[%clk 00:54:14]}
{[%emt 00:00:11]} gxf6 {[%clk 00:08:00]} {[%emt 00:00:05]} 35. Rd3 {[%clk
00:53:08]} {[%emt 00:01:35]} f5 {[%clk 00:07:29]} {[%emt 00:01:02]} 36. Bxc6
{[%clk 00:52:29]} {[%emt 00:01:09]} dxe3 {[%clk 00:06:41]} {[%emt 00:01:17]} 37.
Rxe3 {[%clk 00:47:55]} {[%emt 00:05:04]} Rxe3+ {[%clk 00:07:10]} {[%emt
00:00:01]} 38. Kxe3 {[%clk 00:48:17]} {[%emt 00:00:09]} Kxc6 {[%clk 00:06:48]}
{[%emt 00:00:51]} 39. Kd4 {[%clk 00:48:26]} {[%emt 00:00:21]} Kd6 {[%clk
00:07:14]} {[%emt 00:00:05]} 40. a4 {[%clk 00:46:44]} {[%emt 00:02:12]} a5
{[%clk 00:06:23]} {[%emt 00:01:21]} 41. b3 {[%clk 00:46:50]} {[%emt 00:00:22]}
b6 {[%clk 00:05:59]} {[%emt 00:00:55]} 42. Kc4 {[%clk 00:47:04]} {[%emt
00:00:17]} Kc6 {[%clk 00:06:23]} {[%emt 00:00:05]} 43. b4 {[%clk 00:46:54]}
{[%emt 00:00:40]} axb4 {[%clk 00:06:32]} {[%emt 00:00:22]} 44. Kxb4 {[%clk
00:47:18]} {[%emt 00:00:06]} Kd6 {[%clk 00:06:20]} {[%emt 00:00:41]} 45. Kb5
{[%clk 00:47:23]} {[%emt 00:00:25]} Ke5 {[%emt 00:00:16]} 1/2-1/2